100 Biggest Cities of the Great Lakes Megalopolis in 1860 - Statistics

General Stats
  • This quiz has been taken 268 times
  • The average score is 41 of 100
Answers on the Map
Answers color-coded by a green-red scale on the quiz's map according to % correct below.
 
Answer Stats
Population State Cities % Correct
112,172 IL Chicago
99%
45,619 MI Detroit
98%
81,129 NY Buffalo
97%
45,246 WI Milwaukee
97%
43,417 OH Cleveland
96%
161,044 OH Cincinnati
95%
44,821 ON Toronto
95%
18,611 IN Indianapolis
94%
49,221 PA Pittsburgh
94%
10,401 MN Saint Paul
94%
160,773 MO St. Louis
93%
18,554 OH Columbus
92%
4,418 MO Kansas City
92%
48,204 NY Rochester
88%
13,768 OH Toledo
88%
8,130 IN Madison
87%
6,611 WI Madison
87%
9,419 PA Erie
85%
9,320 IL Springfield
81%
7,002 OH Springfield
81%
8,085 MI Grand Rapids
80%
20,081 OH Dayton
78%
68,033 KY Louisville
78%
9,121 IN Fort Wayne
77%
19,096 ON Hamilton
73%
7,223 OH Hamilton
73%
5,097 MI Ann Arbor
69%
11,555 ON London
66%
14,045 IL Peoria
62%
3,990 WI Kenosha
61%
11,267 IA Davenport
55%
6,979 IL Rockford
54%
6,070 MI Kalamazoo
51%
7,104 IL Joliet
50%
7,822 WI Racine
48%
6,086 WI Oshkosh
47%
14,083 WV Wheeling
47%
8,408 OH Sandusky
43%
6,011 IL Aurora
42%
7,075 IL Bloomington
41%
4,041 OH Canton
40%
9,387 IN Lafayette
36%
8,594 IN Terre Haute
36%
28,702 PA Allegheny
35%
8,932 MO St. Joseph
35%
4,122 MO Lexington
34%
5,541 IL Ottawa
34%
4,262 WI Sheboygan
32%
4,371 MI Port Huron
31%
16,471 KY Covington
30%
7,703 WI Janesville
30%
5,450 WI Fond du Lac
28%
3,839 IL Decatur
26%
5,076 ON Guelph
25%
4,799 MI Jackson
25%
3,892 MI Monroe
25%
6,284 ON St. Catharines
25%
5,130 IL Rock Island
24%
9,229 OH Zanesville
22%
4,098 WI Beloit
21%
6,154 OH Steubenville
20%
7,429 KS Leavenworth
19%
3,955 MI Ypsilanti
19%
4,466 ON Chatham
18%
4,581 OH Mansfield
18%
3,979 ON Peterborough
18%
7,520 IL Belleville
17%
6,706 IA Burlington
17%
6,251 ON Brantford
16%
4,020 IN Jeffersonville
16%
7,626 OH Chillicothe
15%
4,185 PA Johnstown
15%
12,647 IN New Albany
15%
4,675 OH Newark
15%
6,332 IL Alton
14%
10,046 KY Newport
14%
6,603 IN Richmond
14%
4,658 OH Xenia
14%
4,303 OH Lancaster
13%
10,871 NY Lockport
13%
5,324 IA Muscatine
12%
4,953 IL Galesburg
10%
8,136 IA Keokuk
10%
5,028 IN La Porte
10%
6,213 MI Adrian
9%
3,889 OH Delaware
9%
5,376 IL Freeport
9%
5,057 NY Geneva
9%
5,528 IL Jacksonville
9%
3,993 IL LaSalle
9%
5,302 WI Watertown
8%
4,975 ON Cobourg
7%
4,822 NY Canandaigua
6%
4,383 OH Circleville
6%
4,202 OH Mount Vernon
6%
4,616 OH Piqua
6%
4,162 ON Port Hope
6%
3,992 OH Tiffin
6%
3,993 MO Carondelet
5%
6,046 PA Birmingham
4%
No matching quizzes found
Score Distribution
Percent of People with Each Score
Percentile by Number Answered
Your Score History
You have not taken this quiz